| 000 | 01022cam a22002895a 4500 | ||
|---|---|---|---|
| 999 |
_c6111 _d6111 |
||
| 003 | EG-ScBUE | ||
| 005 | 20191217112634.0 | ||
| 008 | 190715s1999 enka f 000 0 eng d | ||
| 020 | _a0521627079 (pbk) | ||
| 020 | _a9780521627078 | ||
| 040 |
_aEG-ScBUE _beng _erda _cEG-ScBUE _dEG-ScBUE |
||
| 082 | 0 | 4 |
_a428.24 _bDOF _222 |
| 100 | 1 |
_aDoff, Adrian, _eauthor. |
|
| 245 | 1 | 0 |
_aLanguage in use : beginner : classroom book / _cAdrian Doff, Christopher Jones. |
| 264 | 1 |
_aCambridge : _bCambridge University Press, _c1999. |
|
| 300 |
_a128 pages ; _billustrations ; _c28 cm |
||
| 336 |
_2rdacontent _atext _btxt |
||
| 337 |
_2rdamedia _aunmediated _bn |
||
| 338 |
_2rdacarrier _avolume _bnc |
||
| 590 | _aeman | ||
| 650 | 7 |
_aEnglish language _xStudy and teaching _xForeign speakers. _2BUEsh |
|
| 650 |
_aEnglish language _vTextbooks for foreign speakers. _2BUEsh |
||
| 653 |
_bHHUUEENN _cDecember2019 |
||
| 655 | _vReading book | ||
| 700 | 1 |
_aJones, Christopher, _c1949- _eauthor. _934647 |
|
| 942 |
_cBB _k428.24 DOF _2ddc |
||